Statistics for Best & Worst Supernatural Episodes

Click here to take the quiz!

General Stats

  • This quiz has been taken 29 times
  • The average score is 6 of 40

Answer Stats

RatingEpisode Title% Correct
9.4Lazarus Rising
64%
6.3Carry On
55%
9.3Lucifer Rising
50%
9.5Mystery Spot
50%
7.0Bugs
45%
9.7Swan Song
45%
9.7Changing Channels
41%
9.6The French Mistake
41%
9.5Fan Fiction
36%
5.9Bloodlines
18%
9.4Don't Call Me Shurley
18%
9.6ScoobyNatural
18%
9.3Abandon All Hope
14%
9.5Baby
14%
9.3Lebannon
14%
9.5All Hell Breaks Loose: Part 2
9%
9.4Jus in Bello
9%
9.3No Rest for the Wicked
9%
7.2Bitten
5%
7.3Dark Dynasty
5%
9.3Do You Believe in Miracles?
5%
7.5Freaks and Geeks
5%
7.6Mannequin 3: The Reckoning
5%
7.4Man's Best Friend with Benefits
5%
9.3Moriah
5%
7.2Paper Moon
5%
9.3Sacrifice
5%
7.4#thinman
5%
7.2Drag Me Away (From You)
0%
7.6Galaxy Brain
0%
7.4Halt and Catch Fire
0%
7.6Heartache
0%
9.3Monster at the End of this Book
0%
7.3Paint It Black
0%
7.5Raising Hell
0%
7.5Rock Never Dies
0%
7.4Route 666
0%
7.6Sharp Teeth
0%
7.0There's Something About Mary
0%
9.3Two Minutes to Midnight
0%

Score Distribution

Percentile by Number Answered

Percent of People with Each Score

Your Score History

You have not taken this quiz